000 00682nam a2200217 i 4500
001 bg
100 1 _aSZUMAŃSKI, Andrzej
_d(1957- )
245 1 0 _aWkłady niepieniężne do spółek kapitałowych /
_cAndrzej Szumański.
260 _aWarszawa :
_bWydawnictwa Prawnicze PWN,
_c1997.
300 _a350 s. ;
_c21 cm.
504 _aBibliogr. s. 321-332.- Indeks.
650 9 _aSpółki kapitałowe
_xprawo
_zPolska
_ystan na 1997 r.
650 9 _aWkłady niepieniężne
_xprawo
_zPolska
_ystan na 1997 r.
020 _a8386702729
040 _cBPK
041 0 _apl
080 _a347.72(438)
920 _a83-86702-72-9
942 _cKS
008 s pl f |000 0 pol
999 _c36138
_d36138
856 _uhttp://koha.tu.koszalin.pl/cgi-bin/koha/opac-detail.pl?biblionumber=36138
_yKatalog online BPK